Responses for Show #5229 - Thursday, May 10, 2007

2007 College Championship final game 1.
From the University of Southern California.

Contestants

[<< previous game]

Craig Boge, a senior from Stanford University

Christine Kennedy, a freshman from the University of Notre Dame

Cliff Galiher, a sophomore from UCLA

[next game >>]

Jeopardy! Round responses

WHAT'S THE PLAN?
GETTING A JOB DOs & DON'Ts
AMERICANA
I BEFORE E, AFTER C
COLLEGE MOVIES
LEWIS CARROLL
    $200 26
Washington, D.C.

Cliff
    $200 21
41 cents

Cliff
    $200 2
bird

Christine
    $200 16
species

Christine
    $200 1
Good Will Hunting

Craig
    $200 11
the looking glass

Craig
    $400 27
Thomas Jefferson

Cliff
    $400 22
I

Craig
    $400 3
tomato

Cliff
    $400 17
glacier

Christine
    $400 7
Old School

Cliff
    $400 12
Humpty Dumpty

Cliff
    $600 28
cars

Craig
    $600 23
Ms.

Craig
    $600 4
North Carolina State

Cliff
    $600 18
ancient

Cliff
    $600 8
Legally Blonde

Cliff
    $600 13
Tweedledee

Cliff
    $800 29
retirement

Craig
    $800 24
virus

Craig
    $800 5
Montana

Craig
    $800 19
coefficient

Craig
    $800 9
Drumline

Christine
    $800 14
kings

Cliff
    $1000 30
(Craig: Who is Marco Polo?)

Christopher Columbus

CliffCraig
    $1000 25
redundant

Cliff
    $1,000 6
(Alex: You have a lot of supporters in the audience encouraging you to make this a True Daily Double, I suppose. You have $1,000.)
(Craig: You know what, I think I'm going to fall to the whim of the audience. Let's make this a True Daily Double.)
[Audience cheers]

Texas

Craig
    $1000 20
omniscient

Cliff
    $1000 10
Stomp the Yard

Cliff
    $1000 15
the Cheshire Cat

Craig

Scores at the first commercial break (after clue 15):

Cliff Christine Craig
$4,800 $1,000 $3,200

Scores at the end of the Jeopardy! Round:

Cliff Christine Craig
$9,200 $1,600 $6,200

Double Jeopardy! Round responses

GENUS NAMES
COUNTRIES BY COLLEGE
GIVE ME SOME ROOM
POP CULTURE
CORRECTED PAPERS
HISTORY THROUGH FOOTBALL
    $400 21
Athena

Craig
    $400 6
Canada

Craig
    $400 16
kitchen

Craig
    $400 26
Red Bull

Craig
    $400 11
subject and verb

Craig
    $400 1
(Craig: What is Bonn?)

East Berlin

CliffCraig
    $800 22
(Cliff: What is Medu--[*]?)
(Alex: [*], yes.)

snakes

Cliff
    $800 7
(Craig: What is Colombia?)

Italy

CliffCraig
    $800 17
(Cliff: What is... intensive care?)

recovery room

CliffChristine
    $800 27
Entourage

Craig
    $800 12
transition

Cliff
    $800 2
Afghanistan

Craig
    $1200 23
rhinoceros

Christine
    $1200 8
Poland

Craig
    $1200 18
cloak (coat) room

Craig
    $1200 28
OK Go

Craig
    $1200 13
active

Craig
    $1200 3
Teddy Roosevelt

Cliff
    $1600 24
butterfly

Cliff
    $1600 9
(Craig: What's New Zealand?)

Australia

ChristineCraig
    $2,500 19
(Craig: What's an atrium?)
(Alex: No, sorry. What is [*]? [*]. You spoke a little too quickly, take your time.)

solarium

Craig
    $1600 29
Nomar Garciaparra

Craig
    $1600 14
sentence

Cliff
    $3,000 4
West Point

Cliff
    $2000 25
fox

Cliff
    $2000 10
India

Cliff
    $2000 20
(Craig: What's a cafeteria?)

refectory

Craig
Triple Stumper
    $2000 30
(Alex: And his nickname is [*]. Not Timber, [*].)

Timbaland

Triple Stumper
    $2000 15
dangling

Triple Stumper
    $2000 5
George Pickett

Craig

Scores at the end of the Double Jeopardy! Round:

Cliff Christine Craig
$22,600 $5,200 $10,900

Final Jeopardy! Round responses

THE COMPUTER AGE
ChristineWhat is ?
$2,000
CraigWhat is the Internet
$5,100
CliffWhat is hardware?
$4,500
the Internet

Final scores:

Cliff Christine Craig
$18,100 $3,200 $16,000

Game dynamics:

Coryat scores:

Cliff Christine Craig
$21,200 $5,200 $13,400
25 R
(including 1 DD),
1 W
7 R,
0 W
24 R
(including 1 DD),
6 W
(including 1 DD)

Combined Coryat: $39,800

[game clues] [game scores] [suggest correction]

Game tape date: 2007-04-22
The J! Archive is created by fans, for fans. Scraping, republication, monetization, and malicious use prohibited; this site may use cookies and collect identifying information. See terms. The Jeopardy! game show and all elements thereof, including but not limited to copyright and trademark thereto, are the property of Jeopardy Productions, Inc. and are protected under law. This website is not affiliated with, sponsored by, or operated by Jeopardy Productions, Inc. Join the discussion at JBoard.tv.